Putovné výstavy Národného múzea v Krakove

Bibliographic Details
Main Author: Bogucki, Janusz (Author)
Other Authors: Bohuš, Ivan, 1924-2018 (Translator)
Format: Article
Language:Slovak
Subjects:

MARC

LEADER 00000nab a2200000ua 4500
001 vtls010777924
003 SK-MaSNL
005 20260304015158.0
008 230131s1956 xo |||||||||||||||||slo|
035 |a (urnnbn)urn:nbn:sk:snk:ar-a02sox 
035 |a (uuid)9836ead9-f439-44ff-bf6f-7d2260c47eae 
035 |a urn:nbn:sk:snk-ab4nw0 
040 |a SNKBUCL  |b slo  |c SNKBUCL  |e AACR2 
041 0 |a slo 
044 |a xo  |c SK 
100 1 |a Bogucki, Janusz  |4 aut  |9 1296169 
245 1 0 |a Putovné výstavy Národného múzea v Krakove  |c Janusz Bogucki, Ivan Bohuš 
610 2 7 |a Muzeum Narodowe w Krakowie  |2 SNKKA  |9 122283 
700 1 |a Bohuš, Ivan,  |d 1924-2018  |4 trl  |9 174062 
773 0 |t Múzeum : študijný a informačný materiál  |g Roč. 3, č. 1 - 2 (1956), s. 60-62 
954 |a odborná, vedecká literatúra pôvodná (slovenská)  |2 lita 
958 |a OND 
958 |a EUIPO 
958 |a article3 
999 |c 2590139  |d 2592069